散文一集

資料類型: Book 圖書   書目號:47177

Leader xxxxxxxxxx
005 __ 20130429100520.0
010 0_ |a978-957-674-322-1|b平裝|dNT$260
042 __ |anbic
100 __ |a20140616d1986    m  y0chiy50      e
101 0_ |achi
102 __ |atw
105 __ |af   z   000cy
200 1_ |a散文一集|f木心著
205 __ |a初版
210 __ |a臺北市|c洪範書店|d1986[民75]
215 0_ |a[10],238面|c圖版|d19公分
225 2_ |a洪範文學叢書|v153
410 _0 |12001 |a洪範文學叢書|v153
681 __ |a855|b4033
700 _0 |a木心|4681 __ |a855|b872
801 _0 |atw|b內湖高中|c20140616|gCCR
詳細館藏(共 1 筆)
索 書 號登 錄 號冊次號館別 / 館藏地流通類型狀態加入預約清單電子資源
855 / 872 1021574  圖書館 / 一樓普通區 可外借30天 在館   

| 條列資料




目錄查詢 分類查詢 個人資料 圖書薦購 新書查詢 閉館日 排行榜 更多電子資源 Hami書城 線上資料庫 登出

From : 216.73.216.116

  本日流通累計至 22:19:11 借閱 : 6 次 續借 : 0 次 歸還 : 8 次 預約 : 0 次 電子資源 : 0 次


內湖高中圖書館  PCLIS 版本  25.5.0.2